1022 1540 1456 1003 1748 1651 1916 1165 1830 1640 1660 1924 1174 1921 1800 1985 1989 1891 1842 1837 1400 1517 1357 1822 1069 1103 1441 1698 1145 1591 1277 1768 1098 1709 1552 1531 1032 1268 1731 1577 1552 1530 1707 1607 1847 1798 1773 1389 1223 1812 1644 1727 1391 1066 1085 1922 1323 1629 1679 1882 1433 1650 1245 1077 1136 1243 1231 1456 1966 1744 1166 1687 1116 1520 1552 1322 1081 1191 1009 1794 1157 1926 1007 1011 1906 1022 1420 1561 1026 1333 1483 1564 1626 1890 1023 1782 1721 1570 1089 BCNSPRNW ULIB Ver.6.0+V

เปลี่ยนเป็นภาษาไทย

Change to English
 แสดงรายละเอียดบรรณานุกรม
  กลับหน้าหลัก

Brief Record : Get Marc (ISO 2709) : E-mail record : QR code < ปิดหน้าต่าง
LEADER : 00000nam 2200000uu 4500
001    13399110754
003     ULIB
008    110608s2553||||th 000 0 tha d
020    9789743005428
050  4 QA76^bศ452ส 2553 ล.1
100 0  ศิริชัย พงษ์วิชัย
245 10 สถิติเพื่อการวิจัยด้วยโปรแกรม R เล่ม 1 การทดสอบความแตกต่าง/^cศิริชัย พงษ์วิชัย
250    พิมพ์ครั้งที่ 2
260    กรุงเทพฯ :^bสุพีเรียพริ้นติ้งเฮาส์,^c2553
300    348 หน้า :^bภาพประกอบ ;^c26 ซม.
650  7 โปรแกรม R (โปรแกรมคอมพิวเตอร์)
650  7 การประมวลผลข้อมูล
650  7 สถิติ^xการประมวลผลข้อมูล
650  7 สถิติ^xโปรแกรมคอมพิวเตอร์
945    ^p250^l0^i030131
995    เกษร
999 ^a ใช้งานได้ทุกระบบ
รายการนี้ยังไม่มีแท็ก
คุณยังไม่ได้ล็อกอิน คุณสามารถมีกิจกรรมร่วมกับเว็บไซต์ได้ แต่ต้องล็อกอินก่อน ::
  ล็อกอิน

รายการสื่อสารสนเทศ

ลำดับที่ ประเภท เลขเรียก/บาร์โค้ด สถานที่ สถานะ
- ไม่พบข้อมูล -

รายการใกล้เคียง
    ผู้แต่ง [ศิริชัย พงษ์วิชัย]

    หัวเรื่อง [โปรแกรม R (โปรแกรมคอมพิวเตอร์)]
    หัวเรื่อง [การประมวลผลข้อมูล]

BibComment


ยังไม่เคยถูกคอมเมนท์

คอมเมนท์ทรัพยากรรายการนี้
  คอมเมนท์: สถิติเพื่อการวิจั..


 Copyright 2026. Bcnsprnw @Library